00489nam a2200145Ia 4500008004100000020005500041040000800096082002500104100001700129245001700146264003600163942001300199952011400212999001700326231129s9999||||xx |||||||||||||| ||spa|| a980-257-052-4  bspa a(i) 808.068543 F814r aFranca Mary 0aRabo de gato aEdiciones Ekare-banco del Libro 2ddccBKS 00102ddc4070aBRCbBRCd2009-07-09l0o(i) 808.068543 F814rp28674r2023-11-29 21:29:32t1w2023-11-29yBK c23686d23686